000 00967nam a22002537a 4500
005 20090513104024.0
008 090508t xxu||||| |||| 00| 0 eng d
010 _aENG-93494
020 _a0070248877
_c350.00
020 _a9780070248878
_c350.00
035 _aEN-77027
037 _bDBAD / PUB
040 _adpl
_bEnglish
082 _a338.04
245 _aEntrepreneurship development:
_cedited by Kavil Ramachandran
_bIndian cases on change agents /
260 _aNew Delhi
_bTata McGraw-Hill Publishing
_c2009
270 _a7 West Patel Nagar,
_bNew Delhi
_e110008
300 _aviii, 257p.:
_c22cm(pbk)
500 _aIncludes bibliographical references
650 _aEntrepreneurship
700 _aRamachandran, K.
942 _2ddc
_cEN
_mENT
_h338.04
999 _c26194
_d26194